All My Loving - The Beatles full Lyrics - Statistics

General Stats
  • This quiz has been taken 39 times
  • The average score is 134 of 149
Answer Stats
Answer % Correct
be
100%
I
100%
I'll
100%
to
100%
true.
100%
you,
100%
you.
100%
always
95%
and
95%
And
95%
miss
95%
Tomorrow,
95%
all
91%
All
91%
Close
91%
every
91%
eyes
91%
I'm
91%
kiss
91%
lovin'
91%
lovin',
91%
my
91%
Remember
91%
your
91%
away,
86%
home
86%
send
86%
while
86%
day,
82%
the
82%
will
82%
darlin',
77%
then
77%
write
77%
am
64%
lips
64%
missing,
64%
that
64%
dreams
59%
hope
59%
kissing
59%
pretend
59%
come
55%
ooh,
41%
No matching quizzes found
Score Distribution
Percent of People with Each Score
Percentile by Number Answered
Your Score History
You have not taken this quiz